Manuel d'évaluation de la biodiversité guide a l'intention des décideurs

Salvato in:
Dettagli Bibliografici
Natura: Libro
Lingua:francese
Pubblicazione: Paris OECD 2002
Soggetti:
Tags: Aggiungi Tag
Nessun Tag, puoi essere il primo ad aggiungerne!!

MARC

LEADER 00000nam a2200000 4500
001 c134478
005 20221221092146.2
020 |a 92-64-29731-4 
041 0 |a fre 
044 |a FR 
245 1 0 |a Manuel d'évaluation de la biodiversité  |b guide a l'intention des décideurs 
264 1 |a Paris  |b OECD  |c 2002 
300 |a 176 s. 
610 2 0 |a prostredie životné 
610 2 0 |a ekológia 
610 2 0 |a rozhodovanie 
610 2 0 |a hodnota 
610 2 0 |a ceny trhové 
610 2 0 |a svet 
610 2 0 |a OECD 
610 2 0 |a diverzita biologická